Language Quiz

Random Language or World Quiz

Country Names in Mandarin Quiz Stats

 Plays Quiz not verified by Sporcle

Challenge
Share
Tweet
Score 0/26 Timer 10:00
0 Plays Today
Pinyin English % Correct
yìndùIndia
82.4%
jiā ná dàCanada
80.9%
zhōngguóChina
79.4%
yìdàlìItaly
77.5%
fǎguóFrance
72.3%
měi guó United States
71.9%
yīng guóUnited Kingdom
70.7%
nài jí lì yàNigeria
69.5%
zhìlìChile
68.7%
mò xī gēMexico
68.6%
rìběnJapan
66.1%
gēlúnbǐyàColombia
62.4%
tǎn shàng ní yàTanzania
60.8%
Pinyin English % Correct
déguóGermany
60.4%
hánguóKorea
60%
xībānyáSpain
57.8%
měnggǔMongolia
43.4%
xīn xī lánNew Zealand
42.4%
bā xīBrazil
41.9%
yuènánVietnam
41.2%
yīlākèIraq
40.4%
àozhōuAustralia
39.1%
éguóRussia
38.2%
nán fēiSouth Africa
34.6%
āi jíEgypt
27.6%
xīlàGreece
23.1%

You're not logged in!

Compare scores with friends on all Sporcle quizzes.
OR
Log In

You Might Also Like...

Show Comments

Extras

Top Quizzes Today


Score Distribution

Your Account Isn't Verified!

In order to create a playlist on Sporcle, you need to verify the email address you used during registration. Go to your Sporcle Settings to finish the process.

Report this User

Report this user for behavior that violates our Community Guidelines.

Details: